<?xml version="1.0" encoding="UTF-8"?>
<record
    xmlns:xsi="http://www.w3.org/2001/XMLSchema-instance"
    xsi:schemaLocation="http://www.loc.gov/MARC21/slim http://www.loc.gov/standards/marcxml/schema/MARC21slim.xsd"
    xmlns="http://www.loc.gov/MARC21/slim">

  <leader>01689nam a22002417a 4500</leader>
  <controlfield tag="005">20211027160031.0</controlfield>
  <controlfield tag="008">211027b           ||||| |||| 00| 0 eng d</controlfield>
  <datafield tag="020" ind1=" " ind2=" ">
    <subfield code="a">0060161469</subfield>
  </datafield>
  <datafield tag="040" ind1=" " ind2=" ">
    <subfield code="c">aloy</subfield>
  </datafield>
  <datafield tag="041" ind1=" " ind2=" ">
    <subfield code="a">eng</subfield>
  </datafield>
  <datafield tag="082" ind1=" " ind2=" ">
    <subfield code="2">23</subfield>
    <subfield code="a">324.268</subfield>
    <subfield code="b">MEEH</subfield>
  </datafield>
  <datafield tag="100" ind1=" " ind2=" ">
    <subfield code="a">Fatima Meer</subfield>
    <subfield code="9">1999</subfield>
  </datafield>
  <datafield tag="245" ind1=" " ind2=" ">
    <subfield code="a">Higher than Hope</subfield>
    <subfield code="b">The authorized biography of Nelson Mandela</subfield>
  </datafield>
  <datafield tag="250" ind1=" " ind2=" ">
    <subfield code="a">First U.S. edition</subfield>
  </datafield>
  <datafield tag="260" ind1=" " ind2=" ">
    <subfield code="a">London</subfield>
    <subfield code="b">Harper and row</subfield>
    <subfield code="c">1990</subfield>
  </datafield>
  <datafield tag="300" ind1=" " ind2=" ">
    <subfield code="a">xx,426p.</subfield>
    <subfield code="b">HB</subfield>
    <subfield code="c">24x16 cm.</subfield>
  </datafield>
  <datafield tag="365" ind1=" " ind2=" ">
    <subfield code="b">$19.95</subfield>
    <subfield code="c">$</subfield>
  </datafield>
  <datafield tag="520" ind1=" " ind2=" ">
    <subfield code="a">1. Roots : In search of the boy Mandela ; The past --
2. The struggle : Johannesburg ; The sweep of politics ; Evelyn ; Defiance ; Nationalist repression ; The congress of the people ; Parting with Evelyn ; Treason arrest ; The Pan-Aficanist Congress --
3. Winnie : Bizana ; Johannesburg ; The wedding ; The Mandela routine --
4. Life-sentence : Sharpeville ; The tribesmen locked in violence ; The Black Pimpernel ; Mission to Africa ; Return of the Black Pimpernel ; On trial and in prison ; Rivonia ; Rivonia: the state's case ; Rivonia: the defence case ; The prisoners ; Loss of comrade and kin ; Attempts to destroy the Mandelas ; Winnie's ordeal ; The children's revolt ; The world honours Mandela ; Murmurs of change --
5. Letters from prison : Letters ; Photographs ; Problems ; Winnie ; Anniversaries ; Regrets, nostalgia, dreams ; Education ; Heath ; Sons: Thembi, Makgatho ; Daughters: Makaziwe, Zenani, Zindziswa ; Friends ; Kinsfolk ; House and land ; Brandfort ; The world celebrates the Mandelas --
6. Memorabilia : Mandela milestones.</subfield>
  </datafield>
  <datafield tag="650" ind1=" " ind2=" ">
    <subfield code="2">Nelson Mandela,</subfield>
  </datafield>
  <datafield tag="650" ind1=" " ind2=" ">
    <subfield code="2">Biography</subfield>
  </datafield>
  <datafield tag="700" ind1=" " ind2=" ">
    <subfield code="a">MEER (Fatima)</subfield>
    <subfield code="9">2000</subfield>
  </datafield>
  <datafield tag="942" ind1=" " ind2=" ">
    <subfield code="2">ddc</subfield>
    <subfield code="c">GF</subfield>
  </datafield>
  <datafield tag="999" ind1=" " ind2=" ">
    <subfield code="c">216756</subfield>
    <subfield code="d">216756</subfield>
  </datafield>
  <datafield tag="952" ind1=" " ind2=" ">
    <subfield code="0">0</subfield>
    <subfield code="1">0</subfield>
    <subfield code="2">ddc</subfield>
    <subfield code="4">0</subfield>
    <subfield code="7">0</subfield>
    <subfield code="8">PS</subfield>
    <subfield code="a">AL</subfield>
    <subfield code="b">AL</subfield>
    <subfield code="d">2013-03-24</subfield>
    <subfield code="l">0</subfield>
    <subfield code="o">324.268 MEEH</subfield>
    <subfield code="p">GF02210</subfield>
    <subfield code="r">2021-10-27 00:00:00</subfield>
    <subfield code="w">2021-10-27</subfield>
    <subfield code="y">GF</subfield>
  </datafield>
</record>
